Music Quiz

Random Music or Billboard Quiz

Artist by First #1 Hit II Quiz Stats

 Plays Quiz Updated Jun 14, 2018

Challenge
Share
Tweet
Embed
Score 0/25 Timer 03:00
2 Plays Today
% Correct
Adele
94.9%
Justin Timberlake
86.9%
Wham!
85%
Elvis Presley
82.3%
Marvin Gaye
82.2%
The Black Eyed Peas
77.9%
Simon & Garfunkel
77.2%
Lady Gaga
75%
50 Cent
73.8%
Alicia Keys
70.6%
Billy Joel
69.5%
Paula Abdul
69.2%
Flo Rida
67.8%
% Correct
Barbra Streisand
62%
Snoop Dogg
61.9%
Destiny's Child
58.6%
Cher
57.7%
Jennifer Lopez
56.9%
Neil Diamond
56.7%
Lionel Richie
56.3%
Chicago
53%
Eagles
44.7%
Sean Paul
41.9%
Puff Daddy
40.7%
Ludacris
37.7%

You're not logged in!

Compare scores with friends on all Sporcle quizzes.
Join for Free
OR
Log In

You Might Also Like...

Show Comments

Extras

Top Quizzes Today


Score Distribution

Your Account Isn't Verified!

In order to create a playlist on Sporcle, you need to verify the email address you used during registration. Go to your Sporcle Settings to finish the process.

Report this User

Report this user for behavior that violates our Community Guidelines.

Details: